1868 1963 1821 1692 1085 1950 1191 1357 1752 1659 1328 1973 1143 1414 1301 1907 1116 1115 1430 1533 1253 1025 1229 1373 1772 1595 1961 1964 1662 1878 1093 1131 1653 1145 1055 1598 1161 1754 1005 1372 1157 1877 1535 1223 1218 1159 1884 1520 1539 1620 1344 1903 1841 1897 1782 1623 1236 1057 1340 1968 1380 1870 1418 1801 1054 1550 1639 1905 1108 1326 1070 1829 1449 1077 1166 1347 1171 1812 1606 1546 1033 1060 1548 1151 1766 1546 1426 1141 1261 1665 1263 1976 1228 1023 1399 1496 1664 1104 1520 BCNSPRNW ULIB Ver.6.0+V

เปลี่ยนเป็นภาษาไทย

Change to English
 แสดงรายละเอียดบรรณานุกรม
  กลับหน้าหลัก

Brief Record : Get Marc (ISO 2709) : E-mail record : QR code < ปิดหน้าต่าง
LEADER : 00000nam 2200000uu 4500
001    13399108442
003     ULIB
008    110303s2003||||th 000 0 eng d
020    03230125
060 04 WY160^bS931P 2003
100 1  Gail W. Stuart
245 10 Principles and Practice of Psychiatric nursing /^cGail W. Stuart
250    7th ed.
260    St. Louis:^bMosby,^c2003
300    915 p.
650  7 Psychiatric nursing agenda
650  7 Psychiatric Nursing Care
650  7 Psychoanalytical model
700 0  Michele T. Laraia
945    ^p3000^l0^i014324
995    ทศพร
999 ^a ใช้งานได้ทุกระบบ
รายการนี้ยังไม่มีแท็ก
คุณยังไม่ได้ล็อกอิน คุณสามารถมีกิจกรรมร่วมกับเว็บไซต์ได้ แต่ต้องล็อกอินก่อน ::
  ล็อกอิน

รายการสื่อสารสนเทศ

ลำดับที่ ประเภท เลขเรียก/บาร์โค้ด สถานที่ สถานะ
- ไม่พบข้อมูล -

BibComment


ยังไม่เคยถูกคอมเมนท์

คอมเมนท์ทรัพยากรรายการนี้
  คอมเมนท์: Principles and Pr..


 Copyright 2026. Bcnsprnw @Library